| 000 | 01945nam a2200421 c 4500 | ||
|---|---|---|---|
| 003 | BLK | ||
| 005 | 20241216105237.0 | ||
| 008 | 180412b bul|||||r ||||||| ||bul|| | ||
| 010 | _aKNG00004934000 | ||
| 020 |
_a954-8023-35-0 _bиздат.: Слънце |
||
| 040 | _aBLK | ||
| 041 |
_aBUL _cBUL |
||
| 080 |
_aПолитика. Вж и 341 ; 342 _b32 _x(73)(092) _z32(73)(092) |
||
| 080 |
_aЖенско движение. Женски въпрос. Обществено положение на жената. Равноправие на жената _b396 _x(73)(092) _z396(73)(092) |
||
| 080 |
_a _b929 Кенеди Онасис, Жаклин _x _z929 Кенеди Онасис, Жаклин |
||
| 100 | 1 |
_aДейвид, Лестър _eпърви автор _9247855 |
|
| 700 | 1 |
_aБожкова, Александра Божимирова _eпрев. от англ. _9247561 |
|
| 139 |
_aДейвид, Лестър _bК 50 |
||
| 245 | 1 | 0 |
_aЧастният живот на Жаклин Кенеди Онасис _cЛестър Дейвид; прев. от англ. Александра Божимирова Божкова. |
| 257 | _aUSA | ||
| 260 |
_аСофия _bСлънце _c1994 _fХасково : Полиграфюг |
||
| 300 |
_a318 с., 2 л. _bил. _c20 см |
||
| 380 | _a3 | ||
| 490 | 1 | _aБиблиотека Прочути жени | |
| 500 | _aОриг. загл. Jacqueline Kennedy Onassis / Lester David. - 12 000 тир. | ||
| 600 | 1 | 4 |
_aКенеди-Онасис, Жаклин _9247856 |
| 650 | 4 |
_aЖени - САЩ _9247857 |
|
| 650 | 4 |
_aКенеди-Онасис, Жаклин _9247856 |
|
| 651 | 4 |
_aСАЩ _9179493 |
|
| 653 | _aДжаки Кенеди | ||
| 653 | _aжени | ||
| 852 | _aЦб 178356 | ||
| 856 | 4 |
_qpdf _u |
|
| 856 | 4 |
_qpdf _u |
|
| 942 |
_cKNG _n0 _012 |
||
| 944 |
_aCR _c15.01.2003 _lМартин Енчев _k30575 |
||
| 944 |
_aED _c26.02.2016 _lф / _kВиолета_Тройчева |
||
| 999 |
_c3817 _d3817 |
||